| 000 | 00880nam a2200289 i 4500 | ||
|---|---|---|---|
| 001 | bg | ||
| 100 | 1 | _aARNOLD, Mark | |
| 245 | 1 | 0 |
_aApache : _badministracja serwera / _cMark Arnold, Jeff D. Almeida, Clint Miller. |
| 246 |
_iTyt. oryg.: _aAdministering Apache |
||
| 260 |
_aWarszawa : _b"RM", _c2002. |
||
| 300 |
_a407 s. : _bil. ; _c24 cm. |
||
| 500 | _aTyt. oryg.: "Administering Apache". | ||
| 504 | _aIndeks. | ||
| 650 | 9 | _aApache | |
| 650 | 9 |
_aStrony WWW _xprogramowanie |
|
| 700 | 1 | _aALMEIDA, Jeff D. | |
| 700 | 1 | _aMILLER, Clint | |
| 020 | _a8372432201 | ||
| 040 | _cBPK | ||
| 041 | 1 | _apl | |
| 080 | _a004.738.52 | ||
| 920 | _a83-7243-220-1 | ||
| 942 | _cKS | ||
| 008 | s pl f |000 0 pol | ||
| 999 |
_c41841 _d41841 |
||
| 856 |
_uhttp://koha.tu.koszalin.pl/cgi-bin/koha/opac-detail.pl?biblionumber=41841 _yKatalog online BPK |
||